000 00326cam a22001217a 4500
008 180718b1955 xxu||||| |||| 00| 0 eng d
082 _aL242 An24
100 _aAndhyarujina, R. B.
245 _aEstate duty act
_cby R. B. Andhyarujina
260 _aBombay
_bOrien Longmans
_c1955
300 _a849p.
650 _aDuty Act, Estate
999 _c434660
_d434660